[Event "PNWCC Masters WOO 2020"]
[Site "chess.com INT"]
[Date "2020.07.04"]
[Round "2.18"]
[White "Kumar, Nikhil"]
[Black "Ter-Sahakyan, Samvel"]
[Result "1-0"]
[WhiteTitle "FM"]
[BlackTitle "GM"]
[WhiteElo "2328"]
[BlackElo "2640"]
[WhiteFideId "30909040"]
[BlackFideId "13302531"]
[EventDate "2020.07.04"]

1. d4 Nf6 2. c4 e6 3. Nc3 Bb4 4. Qc2 d5 5. Bg5 dxc4 6. Nf3 b5 7. e3 Bb7 8. a4 a6
9. Be2 Nbd7 10. O-O c6 11. e4 h6 12. Bh4 Be7 13. Rfd1 O-O 14. Rac1 Re8 15. h3
Qb6 16. b3 b4 17. e5 cxb3 18. Qxb3 Nd5 19. Ne4 Bf8 20. a5 Qxa5 21. Nfd2 Qc7 22.
Nc4 a5 23. Ncd6 Bxd6 24. Nxd6 Rf8 25. Bh5 Nf4 26. Bf3 Nb6 27. Rc5 Nfd5 28. Bxd5
Nxd5 29. Ra1 f5 30. f3 Bc8 31. Be1 Bd7 32. Bd2 Rfb8 33. Ra4 Ra7 34. Kh2 Qd8 35.
Qb2 Kh7 36. Nf7 Qb6 37. Nd6 Qc7 38. Qa1 Rba8 39. Qa2 Be8 40. Qb2 Bg6 41. f4 Kg8
42. Qa1 Bh5 43. Qb1 Qd8 44. Qc2 Rb8 45. Nc4 Rba8 46. Qd3 Qh4 47. Qf1 Qd8 48. Qd3
Kh8 49. Nd6 Qh4 50. Qf1 b3 51. Nc4 Rb8 52. Nb2 Be8 53. Rcxa5 Rxa5 54. Rxa5 g5
55. g3 Qh5 56. Qf2 gxf4 57. Bxf4 Nc3 58. Qg2 Qe2 59. Bxh6 Bh5 60. Bg5 Bf3 61.
Qxe2 Nxe2 62. Ra7 Nxd4 63. Bf6+ Kg8 64. Rg7+ Kf8 65. Rh7 Rb5 66. h4 Ra5 67. Nc4
Ra2+ 68. Kg1 Rg2+ 69. Kf1 b2 70. Rh8+ Kf7 71. Nd6+ Kg6 72. Rg8+ Kh7 73. Rg7+ Kh6
74. Nf7+ 1-0

[Event "PNWCC Masters WOO 2020"]
[Site "chess.com INT"]
[Date "2020.07.04"]
[Round "2.19"]
[White "Liang, Awonder"]
[Black "Liang, Jason"]
[Result "1-0"]
[WhiteTitle "GM"]
[BlackTitle "FM"]
[WhiteElo "2592"]
[BlackElo "2340"]
[WhiteFideId "2056437"]
[BlackFideId "30940303"]
[EventDate "2020.07.04"]

1. Nf3 d5 2. g3 Nf6 3. Bg2 e6 4. O-O Be7 5. c4 O-O 6. Ne5 Nc6 7. Nxc6 bxc6 8. d3
a5 9. Nc3 Nd7 10. b3 Nb6 11. Bb2 Bf6 12. Qc2 Bd7 13. c5 Nc8 14. e4 Na7 15. Rae1
Bd4 16. Ne2 Bxb2 17. Qxb2 Rb8 18. Qd2 Rb4 19. Rb1 Qe7 20. a3 Rb5 21. Nd4 Rxc5
22. b4 axb4 23. axb4 Rb5 24. Nxb5 Nxb5 25. d4 Rb8 26. Rfc1 dxe4 27. Bxe4 Qd6 28.
Rd1 g6 29. Rbc1 Rb6 30. Bf3 Kg7 31. Kg2 Qe7 32. h4 h5 33. Ra1 Nd6 34. Ra8 Nf5
35. Qf4 Rxb4 36. Qe5+ f6 37. Qxc7 Kf7 38. Rh8 Qd6 39. Qd8 Rb2 40. Qg8+ Ke7 41.
Qf8# 1-0

[Event "PNWCC Masters WOO 2020"]
[Site "chess.com INT"]
[Date "2020.07.04"]
[Round "2.20"]
[White "Nandhidhaa, P V"]
[Black "Bernadskiy, Vitaliy"]
[Result "0-1"]
[WhiteTitle "WGM"]
[BlackTitle "GM"]
[WhiteElo "2365"]
[BlackElo "2629"]
[WhiteFideId "5050847"]
[BlackFideId "14100371"]
[EventDate "2020.07.04"]

1. d4 f5 2. g3 Nf6 3. Bg2 g6 4. c4 Bg7 5. Nc3 O-O 6. Nf3 d6 7. O-O c6 8. d5 e5
9. dxe6 Bxe6 10. b3 Na6 11. Ba3 Nc5 12. Ng5 Qe7 13. b4 Nce4 14. Ncxe4 Nxe4 15.
Nxe4 fxe4 16. Rc1 d5 17. cxd5 Bxd5 18. Qc2 b5 19. Qc5 Qxc5 20. Rxc5 a5 21. bxa5
Rfe8 22. Bc1 Bf8 23. Rc2 Rxa5 24. Bh3 Rea8 25. Bd7 R8a6 26. f3 exf3 27. Rxf3
Rxa2 28. Rxa2 Bc5+ 29. Be3 Bxe3+ 30. Rxe3 Rxa2 31. Re8+ Kf7 32. e4 Ra7 33. exd5
Rxd7 34. Rc8 cxd5 35. Rc5 Rb7 36. Rxd5 b4 37. Rd2 b3 38. Rb2 Ke6 39. Kf2 Kd5 40.
Ke3 Kc4 41. Kd2 Rf7 42. Rb1 Rf2+ 43. Ke3 Rxh2 44. Rc1+ Rc2 45. Rh1 b2 0-1

[Event "PNWCC Masters WOO 2020"]
[Site "chess.com INT"]
[Date "2020.07.04"]
[Round "2.21"]
[White "Tabatabaei, M.amin"]
[Black "Morefield, Jason"]
[Result "1-0"]
[WhiteTitle "GM"]
[BlackTitle "FM"]
[WhiteElo "2629"]
[BlackElo "2227"]
[WhiteFideId "12521213"]
[BlackFideId "30920825"]
[EventDate "2020.07.04"]

1. d4 Nf6 2. c4 e6 3. g3 Bb4+ 4. Bd2 Be7 5. Bg2 d5 6. Nf3 O-O 7. O-O c6 8. Qc2
Nbd7 9. Rc1 b6 10. a4 Ba6 11. b3 c5 12. a5 dxc4 13. bxc4 Bb7 14. e3 Rc8 15. a6
Be4 16. Qb3 cxd4 17. exd4 Bxf3 18. Bxf3 e5 19. dxe5 Nxe5 20. Bb7 Rc7 21. Bf4
Nfd7 22. Nc3 Rxc4 23. Nb5 Nc5 24. Qe3 Rxc1+ 25. Rxc1 Ned3 26. Rd1 Bf6 27. Bd6
Re8 28. Bxc5 Rxe3 29. Bxe3 Qd7 30. Nxa7 h5 31. Nc8 Bd8 32. Nxb6 Bxb6 33. Bxb6 1-0

[Event "PNWCC Masters WOO 2020"]
[Site "chess.com INT"]
[Date "2020.07.04"]
[Round "2.22"]
[White "Papp, Petra"]
[Black "Hakobyan, Aram"]
[Result "0-1"]
[WhiteTitle "WGM"]
[BlackTitle "GM"]
[WhiteElo "2338"]
[BlackElo "2588"]
[WhiteFideId "739049"]
[BlackFideId "13306677"]
[EventDate "2020.07.04"]

1. e4 c5 2. Nf3 Nf6 3. Nc3 d6 4. d4 cxd4 5. Nxd4 a6 6. Be3 e5 7. Nb3 Be6 8. f3
h5 9. Qd2 Nbd7 10. Nd5 Bxd5 11. exd5 Qc7 12. Rc1 g6 13. c4 b6 14. Be2 Bg7 15.
O-O O-O 16. Na1 a5 17. Nc2 Nc5 18. Na3 Nh7 19. Nb5 Qe7 20. Bd1 f5 21. Bh6 Rf6
22. Bxg7 Kxg7 23. Bc2 Rf7 24. b3 h4 25. a3 h3 26. g3 f4 27. b4 Nb7 28. g4 Ng5
29. Qf2 Ra6 30. Rfe1 Qf6 31. Be4 Re7 32. Rb1 Rd7 33. Rbc1 Re7 34. Rc2 axb4 35.
axb4 Nxe4 36. fxe4 Nd8 37. Rc3 Nf7 38. c5 bxc5 39. bxc5 dxc5 40. Rxc5 Qg5 41.
Qf3 Qh4 42. Qf2 Qxg4+ 43. Kh1 Ng5 44. Rcc1 Rb7 45. Nc7 Qg2+ 46. Qxg2 hxg2+ 47.
Kxg2 Ra2+ 48. Kf1 Rbb2 49. Ne6+ Nxe6 50. dxe6 Rf2+ 51. Kg1 Rg2+ 52. Kh1 Rxh2+
53. Kg1 Rag2+ 54. Kf1 f3 0-1

[Event "PNWCC Masters WOO 2020"]
[Site "chess.com INT"]
[Date "2020.07.04"]
[Round "2.23"]
[White "Martinez Alcantara, Jose Eduardo"]
[Black "Eswaran, Ashritha"]
[Result "1-0"]
[WhiteTitle "GM"]
[BlackTitle "WIM"]
[WhiteElo "2620"]
[BlackElo "2244"]
[WhiteFideId "3805662"]
[BlackFideId "2080788"]
[EventDate "2020.07.04"]

1. c4 e5 2. Nc3 d6 3. g3 g6 4. Bg2 Bg7 5. d3 Ne7 6. e3 c5 7. Nge2 Nbc6 8. O-O
O-O 9. h3 Be6 10. Nd5 Qd7 11. Kh2 f5 12. Nec3 Rae8 13. a3 Kh8 14. Bd2 Bg8 15.
Rb1 Nd8 16. b4 b6 17. f4 Ne6 18. Qb3 Nxd5 19. cxd5 Nc7 20. e4 Bh6 21. Qc2 fxe4
22. dxe4 Bg7 23. bxc5 dxc5 24. h4 Re7 25. Bh3 Qd6 26. f5 gxf5 27. Bxf5 Bf7 28.
Nd1 Bg6 29. Ne3 Ref7 30. Nc4 Qd8 31. Bg5 Bf6 32. Bxg6 hxg6 33. Nxe5 Rg7 34. Nc6
Qd6 35. Bxf6 Rxf6 36. e5 Qxd5 37. exf6 1-0

[Event "PNWCC Masters WOO 2020"]
[Site "chess.com INT"]
[Date "2020.07.04"]
[Round "2.24"]
[White "Kolay, Alex"]
[Black "Kobalia, Mikhail"]
[Result "0-1"]
[BlackTitle "GM"]
[WhiteElo "2208"]
[BlackElo "2614"]
[WhiteFideId "30919991"]
[BlackFideId "4119150"]
[EventDate "2020.07.04"]

1. d4 Nf6 2. c4 g6 3. Nc3 Bg7 4. e4 O-O 5. Nf3 d6 6. h3 e5 7. d5 a5 8. Be3 Na6
9. g4 Nc5 10. Nd2 c6 11. Be2 a4 12. a3 Bd7 13. h4 cxd5 14. cxd5 Ne8 15. h5 Bf6
16. Nc4 Rc8 17. Bh6 Bg7 18. Bxg7 Kxg7 19. hxg6 fxg6 20. Qd2 Rf4 21. Qe3 Qg5 22.
Nb6 Rd8 23. Nxd7 Rxd7 24. O-O-O Nf6 25. f3 Rxg4 26. Qxg5 Rxg5 27. Bb5 Rf7 28.
Rhf1 Nh5 29. Bxa4 Ng3 30. Rfe1 Rxf3 31. Bc2 Rg4 32. Rd2 Rff4 33. Rg2 Rf3 34. Nb5
Rf6 35. Nc3 h5 36. b4 Nd7 37. Bd1 Rg5 38. Rh2 Rf4 39. a4 Nf6 40. Bc2 Ng4 41. Rh3
Nf2 42. Rh2 Rgg4 43. a5 Nfxe4 44. Nxe4 Nxe4 45. Bxe4 Rxe4 46. Rxe4 Rxe4 47. b5
h4 48. a6 bxa6 49. b6 Rf4 50. b7 Rf8 51. Rxh4 Rb8 52. Rb4 Kf6 53. Kd2 g5 54. Rb5 0-1

[Event "PNWCC Masters WOO 2020"]
[Site "chess.com INT"]
[Date "2020.07.04"]
[Round "2.25"]
[White "Jobava, Baadur"]
[Black "Ghazarian, Kirk"]
[Result "1-0"]
[WhiteTitle "GM"]
[WhiteElo "2603"]
[BlackElo "2181"]
[WhiteFideId "13601520"]
[BlackFideId "30908604"]
[EventDate "2020.07.04"]

1. d4 d5 2. c4 c6 3. Nf3 Nf6 4. Nc3 e6 5. cxd5 exd5 6. Bf4 Bd6 7. g3 O-O 8. e3
Bf5 9. Bd3 Bxd3 10. Qxd3 Bxf4 11. gxf4 Nbd7 12. Rg1 Qe7 13. Ne5 Nxe5 14. fxe5
Nd7 15. f4 f6 16. O-O-O fxe5 17. dxe5 Nc5 18. Qc2 Qf7 19. Ne2 Ne6 20. Ng3 Kh8
21. h4 Rae8 22. Kb1 g6 23. h5 gxh5 24. f5 Ng5 25. e6 Qf6 26. Rdf1 Ne4 27. Nxe4
dxe4 28. Qxe4 c5 29. Qc4 b6 30. Qc3 Qxc3 31. bxc3 h4 32. e4 h3 33. Rh1 b5 34.
Rf3 1-0

[Event "PNWCC Masters WOO 2020"]
[Site "chess.com INT"]
[Date "2020.07.04"]
[Round "2.26"]
[White "Tanenbaum, Zachary"]
[Black "Safarli, Eltaj"]
[Result "1/2-1/2"]
[BlackTitle "GM"]
[WhiteElo "2137"]
[BlackElo "2598"]
[WhiteFideId "2060850"]
[BlackFideId "13402129"]
[EventDate "2020.07.04"]

1. e4 e5 2. Nf3 Nc6 3. Bc4 Bc5 4. c3 Nf6 5. d3 h6 6. Nbd2 O-O 7. a4 a6 8. Nf1 d6
9. Ng3 Be6 10. Bxe6 fxe6 11. O-O Qe8 12. Be3 Bxe3 13. fxe3 Kh7 14. Qe2 a5 15.
Nd2 Qg6 16. Rf3 Rf7 17. Raf1 Raf8 18. Qd1 Nd7 19. d4 Nb6 20. b3 d5 21. Rxf7 Rxf7
22. Nf3 exd4 23. exd4 dxe4 24. Nxe4 Nd5 25. Qe1 Nf4 26. Ng3 Kg8 27. Qe4 Qxe4 28.
Nxe4 b6 29. Re1 Nd5 30. c4 Ndb4 31. Ng3 Nc2 32. Re4 Rd7 33. Ne2 Rd6 34. Kf2 N6b4
35. Nf4 Na1 36. Nxe6 Nxb3 37. Nxc7 Nd3+ 38. Ke3 Nb2 39. d5 Nxa4 40. Re8+ Kh7 41.
Nb5 Rg6 42. d6 Nac5 43. Ne5 Rxg2 44. d7 Nxd7 45. Nxd7 Rxh2 46. Nxb6 Rc2 47. Kd3
Rc1 48. Nd5 Nc5+ 49. Kd2 Rxc4 50. Re7 a4 51. Nf6+ Kg6 52. Ne8 Nb3+ 53. Ke3 Rc5
54. Nbd6 a3 55. Rxg7+ Kh5 56. Nf6+ Kh4 57. Nde4 Rf5 58. Rg2 Kh3 59. Rg3+ Kh4 60.
Rg4+ Kh3 61. Rg3+ Kh4 62. Rg4+ Kh3 63. Rg3+ 1/2-1/2

[Event "PNWCC Masters WOO 2020"]
[Site "chess.com INT"]
[Date "2020.07.04"]
[Round "2.27"]
[White "Indjic, Aleksandar"]
[Black "Wen, Teddie"]
[Result "1-0"]
[WhiteTitle "GM"]
[WhiteElo "2618"]
[BlackElo "2071"]
[WhiteFideId "911925"]
[BlackFideId "30952247"]
[EventDate "2020.07.04"]

1. e4 c5 2. Nc3 Nc6 3. Bb5 Nd4 4. Nf3 a6 5. Bd3 g6 6. Nxd4 cxd4 7. Ne2 Bg7 8. c3
dxc3 9. dxc3 d6 10. a4 Nf6 11. a5 O-O 12. Be3 d5 13. e5 Ng4 14. Bb6 Qe8 15. f4
f6 16. h3 Nh6 17. exf6 exf6 18. g4 f5 19. g5 Nf7 20. Bc5 Bd7 21. Kf2 Qe6 22. Nd4
Bxd4+ 23. Bxd4 Nd6 24. h4 Ne4+ 25. Kg2 Be8 26. h5 gxh5 27. Be2 Rc8 28. Bxh5 Rc7
29. Bxe8 Qxe8 30. Rh6 Re7 31. Qf3 Nd2 32. Qxd5+ Rff7 33. g6 Re2+ 34. Kh1 Re1+
35. Rxe1 Qxe1+ 36. Bg1 hxg6 37. Rxg6+ Kh8 38. Qd8+ Qe8 39. Qxe8+ Rf8 40. Qxf8+
Kh7 41. Qg8# 1-0

[Event "PNWCC Masters WOO 2020"]
[Site "chess.com INT"]
[Date "2020.07.04"]
[Round "2.28"]
[White "Lu, Ming"]
[Black "Chigaev, Maksim"]
[Result "0-1"]
[BlackTitle "GM"]
[WhiteElo "2084"]
[BlackElo "2588"]
[WhiteFideId "30930880"]
[BlackFideId "4108116"]
[EventDate "2020.07.04"]

1. c4 g6 2. Nf3 Bg7 3. g3 Nf6 4. Bg2 O-O 5. O-O c6 6. d4 d5 7. Qb3 dxc4 8. Qxc4
Bf5 9. Nc3 Nbd7 10. Re1 Ne4 11. e3 Nb6 12. Qb3 Rc8 13. Nd2 Nd6 14. Nde4 Nxe4 15.
Nxe4 e5 16. dxe5 Bxe5 17. Rd1 Qe7 18. Nc3 Rfd8 19. Bd2 Bg4 20. f3 Be6 21. Qc2
Nc4 22. b3 Nxd2 23. Rxd2 Qc5 24. Rxd8+ Rxd8 25. Rc1 Qxe3+ 26. Kh1 Bxc3 0-1

[Event "PNWCC Masters WOO 2020"]
[Site "chess.com INT"]
[Date "2020.07.04"]
[Round "2.29"]
[White "Ho, Cooper"]
[Black "Shabalov, Alexander"]
[Result "0-1"]
[BlackTitle "GM"]
[WhiteElo "1663"]
[BlackElo "2528"]
[WhiteFideId "30964610"]
[BlackFideId "2008572"]
[EventDate "2020.07.04"]

1. e4 c5 2. Nf3 Nc6 3. d4 cxd4 4. Nxd4 e6 5. Nc3 Qc7 6. Be3 a6 7. Qd2 Be7 8.
O-O-O b5 9. Kb1 Nf6 10. f3 O-O 11. g4 Bb7 12. h4 b4 13. Nce2 Ne5 14. Nc1 d5 15.
g5 Nh5 16. Rg1 dxe4 17. f4 Nf3 18. Nxf3 exf3 19. Nd3 Rfd8 20. Qf2 Rd7 21. Bh3
Be4 22. Bg4 Bxd3 23. Bxh5 Bf5 24. Bb6 Rxd1+ 25. Rxd1 Qxf4 26. Be3 Qc7 27. Bxf3
Rc8 28. Rd2 g6 29. Bd4 Bc5 30. Bxc5 Qxc5 31. Qxc5 Rxc5 32. b3 Kg7 33. Be2 a5 34.
Bd3 h6 35. Bxf5 gxf5 36. gxh6+ Kxh6 37. Kb2 f4 38. Rf2 e5 39. a3 Kh5 40. Rh2 f3
41. axb4 axb4 42. Kc1 Rd5 43. c3 bxc3 44. Kc2 Rd2+ 45. Rxd2 cxd2 46. Kxd2 Kxh4
47. Ke1 Kg3 48. Kf1 e4 49. b4 e3 50. b5 e2+ 51. Ke1 Kg2 52. b6 f2+ 53. Kxe2
f1=Q+ 54. Ke3 Qb5 55. b7 Qxb7 56. Kf4 Qd5 57. Ke3 f5 58. Kf4 Qe4+ 59. Kg5 f4 60.
Kf6 f3 61. Kg7 f2 62. Kf6 f1=Q+ 63. Kg7 Qfd3 64. Kf8 Qe6 65. Kg7 Qdd7+ 66. Kh8
Qee8# 0-1

[Event "PNWCC Masters WOO 2020"]
[Site "chess.com INT"]
[Date "2020.07.04"]
[Round "2.30"]
[White "Melkumyan, Hrant"]
[Black "He, Anthony"]
[Result "1-0"]
[WhiteTitle "GM"]
[BlackTitle "FM"]
[WhiteElo "2663"]
[BlackElo "2337"]
[WhiteFideId "13302485"]
[BlackFideId "2088215"]
[EventDate "2020.07.04"]

1. e4 c5 2. Nf3 Nc6 3. Bb5 g6 4. Bxc6 bxc6 5. O-O Bg7 6. Re1 Nh6 7. c3 O-O 8. d4
cxd4 9. cxd4 d5 10. e5 f6 11. e6 Nf5 12. b3 Nd6 13. Qc2 Ne4 14. Qxc6 Rb8 15.
Nbd2 Rb6 16. Qc2 Bb7 17. Ba3 Rxe6 18. Bc5 a6 19. b4 g5 20. a4 g4 21. Nxe4 dxe4
22. Nd2 f5 23. b5 a5 24. b6 Bd5 25. Nc4 f4 26. Ne5 Bxe5 27. dxe5 Rxe5 28. Rad1
Qc8 29. Qb2 Ref5 30. Bxe7 Re8 31. Rxd5 Rxd5 32. b7 Qb8 33. Qb3 Rxe7 34. Qxd5+
Kh8 35. Rb1 e3 36. fxe3 fxe3 37. Qd4+ Kg8 38. Qxg4+ Kh8 39. Qc8+ Re8 40. Qxe8+ 1-0

[Event "PNWCC Masters WOO 2020"]
[Site "chess.com INT"]
[Date "2020.07.04"]
[Round "2.32"]
[White "Estrada Nieto, Julian"]
[Black "Flom, Gabriel"]
[Result "1/2-1/2"]
[WhiteTitle "IM"]
[BlackTitle "GM"]
[WhiteElo "2280"]
[BlackElo "2514"]
[WhiteFideId "5101018"]
[BlackFideId "621650"]
[EventDate "2020.07.04"]

1. e4 c5 2. Nf3 e6 3. c3 Nf6 4. e5 Nd5 5. Bc4 d6 6. d4 cxd4 7. cxd4 Nc6 8. O-O
Be7 9. Qe2 O-O 10. Rd1 Na5 11. Bd3 Nb4 12. exd6 Qxd6 13. Be4 Nd5 14. Nc3 Bd7 1/2-1/2

[Event "PNWCC Masters WOO 2020"]
[Site "chess.com INT"]
[Date "2020.07.04"]
[Round "2.33"]
[White "Yang, Kaiqi"]
[Black "Harish, Neeraj"]
[Result "1-0"]
[WhiteTitle "GM"]
[WhiteElo "2481"]
[BlackElo "1472"]
[WhiteFideId "8604398"]
[BlackFideId "30958130"]
[EventDate "2020.07.04"]

1. c4 e6 2. Nf3 d5 3. d4 Nf6 4. g3 Be7 5. Bg2 O-O 6. Nc3 dxc4 7. Ne5 Nc6 8. Nxc6
bxc6 9. e3 Nd5 10. O-O Rb8 11. Qa4 Rb4 12. Qc2 c5 13. dxc5 Bb7 14. a3 Rb3 15.
Ne4 Ba6 16. Nd2 Rb8 17. Nxc4 Bxc5 18. b4 Be7 19. Rd1 Bf6 20. Rb1 Qe7 21. Bd2 c5
22. e4 Nb6 23. Na5 cxb4 24. Bxb4 Qe8 25. Qc7 Qc8 26. Qxa7 Re8 27. e5 Bg5 28. Bd6 1-0

[Event "PNWCC Masters WOO 2020"]
[Site "chess.com INT"]
[Date "2020.07.04"]
[Round "2.36"]
[White "Nguyen, Thanh Thuy Tien"]
[Black "Metpally, Jason"]
[Result "1-0"]
[WhiteTitle "WIM"]
[WhiteElo "1971"]
[BlackElo "2204"]
[WhiteFideId "12400998"]
[BlackFideId "2068567"]
[EventDate "2020.07.04"]

1. Nf3 e6 2. e3 Nf6 3. c4 d5 4. b3 Be7 5. Bb2 O-O 6. g3 c5 7. Bg2 Nc6 8. cxd5
Nxd5 9. O-O b6 10. d4 Ba6 11. Re1 Rc8 12. Nc3 Ndb4 13. Bf1 Bxf1 14. Rxf1 cxd4
15. exd4 Nd5 16. Rc1 Nxc3 17. Rxc3 Qd5 18. Ne5 Rfd8 19. Nxc6 Rxc6 20. Rxc6 Qxc6
21. Qe2 Bg5 22. h4 Bf6 23. Rd1 Qd5 24. Qc4 Qf3 25. Rc1 g6 26. a4 Rd5 27. Qb4 Rd8
28. Qc4 Qg4 29. Qc7 Bxh4 30. d5 Bg5 31. d6 Qb4 32. d7 Qe7 33. Rd1 Kf8 34. Be5
Kg8 35. f4 Bf6 36. Qxd8+ Qxd8 37. Bxf6 1-0

[Event "PNWCC Masters WOO 2020"]
[Site "chess.com INT"]
[Date "2020.07.04"]
[Round "2.37"]
[White "Zhao, Erick"]
[Black "Sampath, Aja"]
[Result "1/2-1/2"]
[WhiteTitle "CM"]
[WhiteElo "2039"]
[BlackElo "1981"]
[WhiteFideId "30946930"]
[BlackFideId "30955190"]
[EventDate "2020.07.04"]

1. e4 c5 2. Nf3 g6 3. d4 cxd4 4. Nxd4 Nc6 5. c4 Nf6 6. Nc3 d6 7. Be2 Nxd4 8.
Qxd4 Bg7 9. Be3 O-O 10. Qd2 Be6 11. O-O Qa5 12. Rac1 Rfc8 13. b3 a6 14. f4 b5
15. f5 Bd7 16. e5 b4 17. exf6 bxc3 18. Qd3 Bxf6 19. fxg6 hxg6 20. Rxf6 exf6 21.
Qxd6 Qe5 22. Qxe5 fxe5 23. Rxc3 Bc6 24. Bb6 e4 25. Rc1 Rab8 26. c5 Bb5 27. Bxb5
axb5 28. Kf2 Ra8 29. Rc2 f5 30. Ke3 Kf7 31. h4 Ke6 32. Kf4 Rc6 33. Rd2 Re8 34.
a4 bxa4 35. bxa4 Kf6 36. a5 e3 37. Re2 Re4+ 38. Kf3 Rce6 39. g3 Ke7 40. a6 Ra4
41. a7 Ra3 42. g4 fxg4+ 43. Kxg4 Kd7 44. c6+ Kxc6 45. Bxe3 Re8 46. Kg5 Kb7 47.
Rb2+ Ka8 48. Bf2 Rg8 49. Kh6 Ra6 50. Bb6 Rc8 51. Bf2 Rg8 52. Re2 g5+ 53. Kh7
Rag6 54. Rb2 R8g7+ 55. Kh8 Rg8+ 56. Kh7 R8g7+ 57. Kh8 Rg8+ 58. Kh7 1/2-1/2

[Event "PNWCC Masters WOO 2020"]
[Site "chess.com INT"]
[Date "2020.07.04"]
[Round "2.38"]
[White "Padhye, Rohan"]
[Black "Pan, Kevin"]
[Result "0-1"]
[WhiteElo "1716"]
[BlackElo "2106"]
[WhiteFideId "30946034"]
[BlackFideId "30915708"]
[EventDate "2020.07.04"]

1. e4 e5 2. Nf3 Nc6 3. Bc4 Bc5 4. O-O Nf6 5. d3 d6 6. c3 h6 7. Re1 O-O 8. h3 a6
9. Nbd2 Ba7 10. Bb3 Ne7 11. Nf1 Ng6 12. Ng3 b5 13. Bc2 Bb7 14. Nf5 d5 15. Qe2
Re8 16. Bd2 c5 17. Rad1 Qc7 18. Ng3 Rad8 19. Qf1 d4 20. cxd4 exd4 21. Bb3 Rc8
22. Rc1 Qd7 23. a3 c4 24. dxc4 Nxe4 25. Nxe4 Bxe4 26. cxb5 Bxf3 27. Rxc8 Rxc8
28. gxf3 Nh4 29. Bd1 axb5 30. Re4 Nf5 31. Qd3 g6 32. Bb3 Kh7 33. Kg2 Bb6 34. Ba2
Bd8 35. Qb3 Kg7 36. Bf4 Bf6 37. Qd3 Nh4+ 38. Kh2 Rc5 39. Bg3 Nf5 40. Re1 Nxg3
41. fxg3 Rh5 42. g4 Qd6+ 43. Kg2 Bh4 44. f4 Bxe1 45. gxh5 Qxf4 46. hxg6 fxg6 47.
Bb1 Qf2+ 48. Kh1 Qf6 49. Bc2 h5 50. b3 Bf2 51. Kg2 Be3 52. Qe2 Qg5+ 53. Kf3 h4
54. Qg2 Qh5+ 55. Ke4 Qf5# 0-1

[Event "PNWCC Masters WOO 2020"]
[Site "chess.com INT"]
[Date "2020.07.04"]
[Round "2.39"]
[White "Liang, Justin"]
[Black "Sairam, Pranav"]
[Result "1-0"]
[WhiteElo "2067"]
[BlackElo "1810"]
[WhiteFideId "2099942"]
[BlackFideId "30951330"]
[EventDate "2020.07.04"]

1. d4 d5 2. c4 e6 3. Nf3 Nf6 4. e3 c6 5. Nc3 Bd6 6. Bd3 Nbd7 7. O-O O-O 8. e4
dxe4 9. Nxe4 Nxe4 10. Bxe4 Nf6 11. Bc2 c5 12. Bg5 Be7 13. Qd3 g6 14. dxc5 Qxd3
15. Bxd3 Kg7 16. b4 h6 17. Be3 Bd7 18. Ne5 Bc6 19. Rfd1 Rfd8 20. Be2 Rxd1+ 21.
Rxd1 a5 22. b5 Be4 23. f3 Bc2 24. Rc1 Ba4 25. Nd3 Nd7 26. Kf2 Rc8 27. Nb2 Nxc5
28. Kf1 Bf6 29. Nd3 Nxd3 30. Bxd3 Bb2 31. Rb1 Ba3 32. Bb6 Bb4 33. Ke2 Kf6 34. f4
Ke7 35. Ke3 Bc5+ 36. Bxc5+ Rxc5 37. Kd4 b6 38. Kc3 Rc8 39. g3 g5 40. Re1 gxf4
41. gxf4 Rg8 42. Be4 Rd8 43. Bd3 Rg8 44. f5 Rg2 45. fxe6 fxe6 46. Be4 Rxh2 47.
Bd5 Rh3+ 48. Kb2 Kd6 49. Rxe6+ Kc5 50. Rc6+ Kb4 51. Rxb6 Rh2+ 52. Kc1 Rc2+ 53.
Kb1 Rd2 54. Bf3 Rf2 55. Rxh6 Rxf3 56. b6 Kc3 57. Rh1 Kxc4 58. b7 Rf8 59. Rc1+
Kb5 60. Rc8 Rf1+ 61. Kb2 Rf2+ 62. Kc3 Rc2+ 63. Kd3 Rxc8 64. bxc8=Q Kb4 65. Qb7+
Ka3 66. Kc3 Bd1 67. Qb5 a4 68. Qb4+ Kxa2 69. Qb2# 1-0

[Event "PNWCC Masters WOO 2020"]
[Site "chess.com INT"]
[Date "2020.07.04"]
[Round "2.40"]
[White "Sivakumar, Shaashwath"]
[Black "Luo, Terry"]
[Result "0-1"]
[WhiteElo "1866"]
[BlackElo "2124"]
[WhiteFideId "30912156"]
[BlackFideId "30931045"]
[EventDate "2020.07.04"]

1. d4 Nf6 2. c4 g6 3. Nc3 Bg7 4. e4 d6 5. Be2 O-O 6. Be3 c5 7. d5 e6 8. h3 exd5
9. cxd5 Re8 10. Qc2 b6 11. Nf3 Ba6 12. Bxa6 Nxa6 13. Nd2 Rb8 14. a4 Nb4 15. Qb1
a6 16. O-O b5 17. Re1 c4 18. axb5 axb5 19. Re2 Nd7 20. Nf3 Nd3 21. Nd4 Bxd4 22.
Bxd4 N7c5 23. Bxc5 Nxc5 24. Re3 Qd7 25. Qc2 Ra8 26. Rd1 b4 27. Ne2 Qa4 28. Qb1
Qa2 29. Qc2 c3 30. Rb1 b3 0-1

[Event "PNWCC Masters WOO 2020"]
[Site "chess.com INT"]
[Date "2020.07.04"]
[Round "2.41"]
[White "Free, Graham"]
[Black "Johnson, Donald"]
[Result "1-0"]
[WhiteElo "2138"]
[BlackElo "1857"]
[WhiteFideId "2004976"]
[BlackFideId "30949122"]
[EventDate "2020.07.04"]

1. d4 Nf6 2. Nf3 g6 3. g3 Bg7 4. Bg2 O-O 5. O-O d5 6. c4 c6 7. b3 dxc4 8. bxc4
c5 9. Bb2 Qb6 10. Qc1 Ne4 11. e3 Nc6 12. Ne5 Nd6 13. Nxc6 bxc6 14. Ba3 Nb7 15.
Nd2 cxd4 16. Rb1 Qc7 17. exd4 Bxd4 18. Re1 Nc5 19. Nf3 Bxf2+ 20. Kh1 Bxe1 21.
Qh6 Ne6 22. Rxe1 Bb7 23. Bb2 f6 24. Rxe6 Qd7 25. Re1 c5 26. Kg1 Rab8 27. Bh3 Qc6
28. Rxe7 Rf7 29. Rxf7 Kxf7 30. Qxh7+ Kf8 31. Qh6+ Kf7 32. Bg2 Qd7 33. Qh7+ Ke6
34. Bh3+ f5 35. Qxg6+ Ke7 36. Qh7+ Kd8 37. Bf6+ Kc8 38. Bxf5 Bxf3 39. Qxd7# 1-0

[Event "PNWCC Masters WOO 2020"]
[Site "chess.com INT"]
[Date "2020.07.04"]
[Round "2.42"]
[White "Sivakumar, Shaaketh"]
[Black "Chabris, Christopher"]
[Result "0-1"]
[WhiteElo "1870"]
[BlackElo "2125"]
[WhiteFideId "30940176"]
[BlackFideId "2005263"]
[EventDate "2020.07.04"]

1. d4 Nf6 2. Bf4 e6 3. e3 c5 4. c3 Nc6 5. Nd2 d5 6. Ngf3 Bd6 7. Bg3 O-O 8. Bd3
b6 9. e4 Be7 10. e5 Nh5 11. a3 a5 12. Qe2 Ra7 13. Nf1 g6 14. Ne3 f5 15. exf6
Bxf6 16. Bb5 cxd4 17. Ng4 Nxg3 18. hxg3 Qd6 19. Nxf6+ Rxf6 20. cxd4 Rxf3 21.
Bxc6 Rf5 22. Rc1 Rc7 23. g4 Rf8 24. O-O Rxc6 25. Rce1 Rf4 26. Qd3 Rc4 27. Rc1
Rfxd4 28. Qe3 Rxg4 29. b3 Rc5 0-1

[Event "PNWCC Masters WOO 2020"]
[Site "chess.com INT"]
[Date "2020.07.04"]
[Round "2.44"]
[White "Feng, Eric"]
[Black "Salik, Serkan"]
[Result "0-1"]
[WhiteElo "1898"]
[BlackElo "1986"]
[WhiteFideId "30923972"]
[BlackFideId "30952492"]
[EventDate "2020.07.04"]

1. d4 Nf6 2. c4 c5 3. d5 e5 4. Nc3 d6 5. e4 Nbd7 6. g3 g6 7. Bg2 Bg7 8. Nge2 O-O
9. O-O Nh5 10. f4 exf4 11. Nxf4 Nxf4 12. Bxf4 Ne5 13. Bxe5 Bxe5 14. Qb3 h5 15.
Qd1 h4 16. g4 Qg5 17. Bf3 Bd7 18. Qe2 a6 19. h3 b5 20. Rac1 bxc4 21. Qxc4 Bb5
22. Nxb5 axb5 23. Qxb5 Rab8 24. Qd3 Rxb2 25. Rc2 Rfb8 26. Rfc1 Qf4 27. Bg2 Rxc2
28. Rxc2 Bd4+ 29. Kh1 Rb1+ 30. Bf1 Rxf1+ 31. Kg2 Rg1# 0-1